Responses for Show #3525 - Friday, December 24, 1999

Contestants

[<< previous game]

Eli Cotham, an advertising executive from Los Angeles, California

Hal Barron, a college professor from Altadena, California

Mitch Teich, a public radio news reporter from Flagstaff, Arizona (whose 2-day cash winnings total $20,990)

[next game >>]

Jeopardy! Round responses

O LITTLE TOWN OF BETHLEHEM, PA.
PRO FOOTBALL COACHES
HAVING BABIES
MOON MEN TODAY
HANDEL'S MESSIAH
"PEACE" ON EARTH
    $100 8
(Mitch: What is Pittsburgh?)

Philadelphia

Mitch
Triple Stumper
    $100 6
Vince Lombardi

Mitch
    $100 10
Premature

Eli
    $100 14
(Eli: Who is Glenn?)

Neil Armstrong

MitchEli
    $100 26
London

Triple Stumper
    $100 1
Nobel Peace Prize

Eli
    $500 9
(Hal: I'm blanking.)

Bethlehem Steel

Hal
    $200 7
(Eli: Who is Johnson?)

Tom Landry

HalEli
    $200 19
(Hal: What is male?)

Female

HalEli
    $200 15
Alan Shepard

Mitch
    $200 27
Amen

Mitch
    $200 2
Peace pipe

Mitch
    $300 23
J.S. Bach

Mitch
    $300 11
Mike Ditka

Mitch
    $300 20
March

Mitch
    $300 16
Edwin "Buzz" Aldrin

Mitch
    $300 28
Trumpet

Hal
    $300 3
"Peace Train"

Mitch
    $400 24
(Alex: We have a minute to go.)

Stephen Vincent Benet

Triple Stumper
    $400 12
John Madden

Eli
    $400 21
Relax

Mitch
    $400 17
Johnson Space Center

Mitch
    $400 29
(Mitch: What is join in?)

stand up (for "The Hallelujah Chorus")

Mitch
Triple Stumper
    $400 4
Peace Corps

Hal
    $500 25
(Hal: What is Czechoslovakia?)

Czech Republic

MitchHal
    $500 13
Don Shula

Mitch
    $500 22
contractions

Mitch
    $500 18
(Mitch: What is To the Moon and Back?)

From the Earth to the Moon

MitchEli
    $500 30
Baroque

Mitch
    $500 5
"Peace in our time"

Mitch

Scores at the first commercial break (after clue 13):

Mitch Hal Eli
$1,800 $100 $400

Scores at the end of the Jeopardy! Round:

Mitch Hal Eli
$4,600 -$300 $1,000

Double Jeopardy! Round responses

DECEMBER 24
(Alex: How appropriate!)
BEFORE THEY WERE ROCKS
WORLD HISTORY
AUTHORS' PEN NAMES
HARK THE ANGEL
"RED" & "GREEN"
    $200 7
Enrico Caruso

Hal
    $200 21
Coal

Mitch
    $200 6
China

Mitch
    $200 1
Isak Dinesen

Hal
    $200 26
Buffy the Vampire Slayer

Eli
    $200 16
Green eggs and ham

Mitch
    $400 12
(Mitch: Who is Alexis Herman?)

Elizabeth Dole

Mitch
Triple Stumper
    $400 22
Magma

Hal
    $400 8
Henry Hudson

Hal
    $400 2
John le Carre

Triple Stumper
    $400 27
7-11

Eli
    $400 17
Greenpeace

Eli
    $600 13
"Amahl and the Night Visitors"

Hal
    $600 23
(Alex: Less than a minute to go.)

The White Cliffs of Dover

Hal
    $600 9
Juan Peron

Eli
    $600 3
Lewis Carroll

Triple Stumper
    $600 28
[The end-of-round signal sounds.]

Grease

Triple Stumper
    $600 18
Red Hot Chili Peppers

Eli
    $800 14
(Mitch: What is Guns N' Roses?)

Poison

MitchEli
    $800 24
(Hal: What is silica?)
[Initially ruled incorrect; reversed before Final Jeopardy!]

quartz

Hal
    $500 10
(Eli: I don't know.)

Timbuktu

Eli
    $800 4
O. Henry

Hal
    $800 19
Redshirts

Hal
    $1000 15
(Hal: What is Tunisia?)

Libya

Hal
Triple Stumper
    $1000 25
Conglomerate

Hal
    $1000 11
U Thant

Hal
    $1000 5
Ellery Queen

Triple Stumper
    $1000 20
"Red Dragon"

Eli

Scores at the end of the Double Jeopardy! Round:

Mitch Hal Eli
$4,000 $5,500 $4,500

[wagering suggestions for these scores]

Final Jeopardy! Round responses

RELIGION
(Alex: We won't be back tomorrow, we'll be back on Monday!)
(Alex: Happy Holidays to our contestants, to all of you and we will see you again on Monday!)
MitchWhat is the Dead Sea Scrolls?
$3,977
EliWhat is the Shroud of Turin
$3,501
HalWhat is the Shroud of Turin?
$3,501
Shroud of Turin

Final scores:

Mitch Hal Eli
$23 $9,001 $8,001
3rd place: Yahoo! Shopping Spree New champion: $9,001 2nd place: Intel PC Camera Pro Pack & Compaq Presario Internet Desktop PC

Game dynamics:

Coryat scores:

Mitch Hal Eli
$4,000 $6,000 $5,000
20 R,
5 W
14 R
(including 1 DD),
4 W
(including 1 DD)
12 R,
3 W
(including 1 DD)

Combined Coryat: $15,000

[game clues] [game scores] [suggest correction]

Game tape date: 1999-10-27
The J! Archive is created by fans, for fans. Scraping, republication, monetization, and malicious use prohibited; this site may use cookies and collect identifying information. See terms. The Jeopardy! game show and all elements thereof, including but not limited to copyright and trademark thereto, are the property of Jeopardy Productions, Inc. and are protected under law. This website is not affiliated with, sponsored by, or operated by Jeopardy Productions, Inc. Join the discussion at JBoard.tv.